000 00749nam a2200217 4500
001 135961
003 ES-MaACL
005 20231230063000.0
007 t|
008 070214s1968 sp r ||||1| spa d
100 1 _aRuiz-Giménez, Joaquín,
_d1913-2009
_9100820
245 1 3 _aEl Concilio Vaticano II y los derechos del hombre /
_cJoaquín Ruiz-Giménez.
260 _aMadrid :
_bEdicusa, Cuadernos para el Diálogo,
_c1968.
300 _a189 p. ;
_c18 cm.
490 1 _aCuadernos para el diálogo ;
_v8
650 4 _aDerechos humanos-
_xAspectos religiosos.
_9171747
710 2 _aCuadernos para el Diálogo.
_93333
830 1 _aCuadernos para el diálogo ;
_v8
_9181812
852 _aES-MaACL
_jC-37205
999 _c135961
_d135961